000 00845cam a22002054a 4500
005 20250605164127.0
008 250528s ||||||||||||||||||||||||d
035 _a18506
020 _a71001387
040 _aGR-AtMCL
_bgre
_dGR-AtMCL
_eAACR2
245 1 _aCollege Algebra / Third Edition
250 _a1st
260 _bMcgraw Hill Book Company,
_c1987
300 _a562
520 _aPreface, Basic Algebraic Operations: A Review, Equations and Inequalities, Graphs and Functions, Polynomial Functions and Theory of Equations, Exponential and Logarithmic Functions, Systems of Equations and Inequalities, Matrices and Determinants, Sequences and Series, An Introduction to Probability, Appendix A: Significant Digits, Tables, Answers, Index.
700 1 _aBarnett Raymond A.
_94756
942 _cBK
999 _c3864
_d3864